| Tag |
First Indicator |
Second Indicator |
Subfields |
| LEADER |
00000cai a2200000 a 4500 |
| 001 |
in00002120721 |
| 005 |
20220620150432.2 |
| 006 |
m o d |
| 007 |
cr cn||||||||| |
| 008 |
000414c19989999enkuu d obde 0 2eng |
| 010 |
|
|
|a 2002604973
|
| 019 |
|
|
|a 967258526
|a 1256444068
|a 1295637616
|
| 020 |
|
|
|a 1884446051
|
| 035 |
|
|
|a (OCoLC)268889955
|
| 040 |
|
|
|a DLC
|b eng
|c STF
|d UBY
|d OCLCQ
|d OCLCF
|d OCLCO
|d OCLCQ
|d VTU
|d OCLCQ
|d UEJ
|d RBN
|d MERER
|d OCLCQ
|d STBDS
|d OCLCQ
|d OCLCA
|d OCLCQ
|d MR0
|d OCLCO
|d CUS
|d OCLCQ
|
| 042 |
|
|
|a pcc
|
| 049 |
|
|
|a TXAM
|
| 050 |
0 |
0 |
|a N31
|
| 082 |
0 |
4 |
|a 700.03
|
| 245 |
0 |
0 |
|a Grove art online /
|c edited by Laura Macy.
|
| 246 |
3 |
|
|a Groveart
|
| 246 |
1 |
|
|i Also known as:
|a Www.groveart.com
|
| 246 |
3 |
0 |
|a Grove art
|
| 247 |
1 |
0 |
|a Grove dictionary of art online
|f <Aug. 13, 1999>
|
| 260 |
|
|
|a [Oxford, England] :
|b Oxford University Press,
|c 1998-
|
| 300 |
|
|
|a 1 online resource
|
| 336 |
|
|
|a text
|b txt
|2 rdacontent
|
| 337 |
|
|
|a computer
|b c
|2 rdamedia
|
| 338 |
|
|
|a online resource
|b cr
|2 rdacarrier
|
| 500 |
|
|
|a Title from title screen (viewed May 13, 2004).
|
| 500 |
|
|
|a Published: Basingstoke, England : Macmillan, 1998-2003; Oxford, England : Oxford University Press, 2003-
|
| 500 |
|
|
|a "For all aspects of the visual arts worldwide."
|
| 504 |
|
|
|a Includes bibliographical references and index.
|
| 506 |
|
|
|a Access limited to subscribers.
|
| 520 |
|
|
|a Provides access to the entire text of The dictionary of art (1996) with constant additions of new material and updates to the text, plus extensive image links.
|
| 530 |
|
|
|a Grove dictionary of art also available in paper.
|
| 538 |
|
|
|a Mode of access: World Wide Web.
|
| 650 |
|
6 |
|a Art
|v Encyclopédies.
|
| 650 |
|
6 |
|a Artistes
|v Encyclopédies.
|
| 650 |
|
7 |
|a Art.
|2 fast
|0 (OCoLC)fst00815177
|
| 650 |
|
7 |
|a Artists.
|2 fast
|0 (OCoLC)fst00817559
|
| 655 |
|
7 |
|a Encyclopedias.
|2 fast
|0 (OCoLC)fst01423798
|
| 650 |
|
0 |
|a Art
|v Encyclopedias.
|
| 655 |
|
4 |
|a Online databases.
|
| 700 |
1 |
|
|a Macy, Laura Williams.
|
| 710 |
2 |
|
|a Oxford University Press.
|
| 776 |
1 |
|
|a Grove dictionary of art
|d 2000
|w (OCoLC)43334162
|
| 856 |
4 |
0 |
|u http://proxy.library.tamu.edu/login?url=http://coral.library.tamu.edu/resourcelink.php?resource=2069
|t 0
|
| 938 |
|
|
|a Oxford University Press USA
|b OUPR
|n oaousOXO 11975546
|
| 948 |
|
|
|h HELD BY TXA - 254 OTHER HOLDINGS
|
| 994 |
|
|
|a Z0
|b TXA
|
| 999 |
f |
f |
|s abfedcba-0b06-3bab-a3a8-fd1c4da092e4
|i 599a5361-dae4-3adc-a3e8-a60236b9f7fc
|t 0
|
| 952 |
f |
f |
|a Texas A&M University
|b College Station
|c Electronic Resources
|d Available Online
|t 0
|e N31 .G76 Electronic
|h Library of Congress classification
|
| 998 |
f |
f |
|a N31 .G76 Electronic
|t 0
|l Available Online
|